000 00732nam a2200289Ia 4500
005 20260324130547.0
008 008 260324s9999 xx 000 0 eng d
020 _a9781315642413
037 _aEBOOK
040 _aCRL
040 _beng
040 _cCRL
041 _2eng
041 _aeng
084 _qCRL
100 _aJoshua Eisemann; Eric Heginbotham; Derek Mitchell
_91182237
245 0 _aChina and the Developing World
245 0 _bBeijing's Strategy for the Twenty-first Century
260 _bTaylor and Francis
260 _c2007
365 _a
365 _b290
856 _uhttp://www.taylorfrancis.com/books/9781315642413
942 _cEBOOK
999 _c1778517
_d1778517